Analýza štruktúry nezamestnanosti s akcentom na rizikové skupiny na slovenskom trhu práce
Riešenia na zmiernenie nepriaznivého stavu miery nezamestnanosti na Slovensku. Implementácia nástrojov aktívnej politiky trhu práce a jej riziká. Individuálny prístup pre nezamestnaných na úradoch práce.
Salvato in:
| Autore principale: | |
|---|---|
| Natura: | Capitolo di libro |
| Lingua: | slovacco |
| Soggetti: | |
| Tags: |
Nessun Tag, puoi essere il primo ad aggiungerne!!
|
MARC
| LEADER | 00000nla a2200000 4500 | ||
|---|---|---|---|
| 001 | 0174113 | ||
| 005 | 20240502072952.3 | ||
| 041 | 0 | |a slo | |
| 044 | |a SK | ||
| 245 | 1 | 0 | |a Analýza štruktúry nezamestnanosti s akcentom na rizikové skupiny na slovenskom trhu práce |c Eva Pongráczová |
| 520 | |a Riešenia na zmiernenie nepriaznivého stavu miery nezamestnanosti na Slovensku. Implementácia nástrojov aktívnej politiky trhu práce a jej riziká. Individuálny prístup pre nezamestnaných na úradoch práce. | ||
| 610 | 2 | 0 | |a Slovensko |
| 610 | 2 | 0 | |a nezamestnanosť |
| 610 | 2 | 0 | |a miera nezamestnanosti |
| 610 | 2 | 0 | |a nezamestnaní |
| 610 | 2 | 0 | |a úrady práce |
| 610 | 2 | 0 | |a poradenstvo |
| 610 | 2 | 0 | |a sprostredkovanie práce |
| 610 | 2 | 0 | |a politika zamestnanosti |
| 100 | 1 | |a Pongráczová, Eva, 1971- | |